[Event "RUS-ch Rapid (Women)"]
[Site "Sochi"]
[Date "2023.10.15"]
[Round "3"]
[White "Kalenichenko, Alina"]
[Black "Goltseva, Ekaterina"]
[Result "0-1"]
[WhiteElo "2005"]
[BlackElo "2338"]
[PlyCount "46"]
[EventDate "2023.10.15"]
[EventType "swiss (rapid)"]
[EventRounds "11"]
[EventCountry "RUS"]
[SourceTitle "Mega2024 Update 01"]
[Source "Chessbase"]
[SourceDate "2023.11.12"]
[SourceVersion "1"]
[SourceVersionDate "2023.11.12"]
[SourceQuality "1"]

1. g3 Nf6 2. Bg2 d5 3. b3 c5 4. Bb2 Nc6 5. e3 d4 6. Ne2 e5 7. 0-0 Be7 8. f4 e4 9. d3 exd3 10. Qxd3 Nb4 11. Qc4 Be6 12. Qb5+ Bd7 13. Qxb7 Rb8 14. Qxa7 Bb5 15. c4 Bc6 16. exd4 Bxg2 17. Kxg2 0-0 18. dxc5 Ne4 19. Be5 Bxc5 20. Qxb8 Qd3 21. Qxf8+ Kxf8 22. Nbc3 Nc2 23. Rfd1 Ne3+ 0-1

[Event "RUS-ch Blitz (Women)"]
[Site "Sochi"]
[Date "2023.10.14"]
[Round "1"]
[White "Kalenichenko, Alina"]
[Black "Voit, Daria"]
[Result "0-1"]
[WhiteElo "2005"]
[BlackElo "2343"]
[PlyCount "74"]
[EventDate "2023.10.14"]
[EventType "swiss (blitz)"]
[EventRounds "13"]
[EventCountry "RUS"]
[SourceTitle "Mega2024 Update 01"]
[Source "Chessbase"]
[SourceDate "2023.11.12"]
[SourceVersion "1"]
[SourceVersionDate "2023.11.12"]
[SourceQuality "1"]

1. d4 Nf6 2. c4 e6 3. Nf3 d5 4. g3 Bb4+ 5. Bd2 Bd6 6. Bg2 c6 7. 0-0 Nbd7 8. Qc2 0-0 9. b3 Ne4 10. Bc1 Qe7 11. Bb2 b6 12. Ne5 Bxe5 13. dxe5 Nec5 14. b4 Na6 15. a3 Bb7 16. Nd2 Rfd8 17. Rfd1 Rac8 18. Qb3 Nf8 19. Rac1 c5 20. b5 Nc7 21. e3 Rd7 22. a4 Rcd8 23. a5 dxc4 24. Nxc4 Rxd1+ 25. Rxd1 Rxd1+ 26. Qxd1 Bxg2 27. Kxg2 Nxb5 28. axb6 axb6 29. Qa4 Na7 30. Nd6 Qc7 31. Kg1 h6 32. h4 Nd7 33. Bc3 Nc6 34. Qa8+ Ndb8 35. h5 Qa7 36. Qxa7 Nxa7 37. Bb2 b5 0-1

[Event "Djenovici TS04 IM 5th"]
[Site "Djenovici"]
[Date "2023.05.27"]
[Round "8"]
[White "Kalenichenko, Alina"]
[Black "Sahin, Ozgun"]
[Result "0-1"]
[WhiteElo "1950"]
[BlackElo "2190"]
[PlyCount "76"]
[EventDate "2023.05.20"]
[EventType "tourn"]
[EventRounds "9"]
[EventCountry "MNE"]
[EventCategory "1"]
[SourceTitle "CBM 214 Extra"]
[Source "ChessBase"]
[SourceDate "2023.07.31"]
[SourceVersion "1"]
[SourceVersionDate "2023.07.31"]
[SourceQuality "1"]

1. d4 d6 2. c4 e5 3. dxe5 dxe5 4. Qxd8+ Kxd8 5. Nc3 c6 6. b3 Be6 7. Bb2 Nd7 8. Nf3 f6 9. 0-0-0 Kc7 10. e3 Nh6 11. h3 Nf7 12. Bd3 Nc5 13. Bc2 a5 14. Nd2 Be7 15. Nde4 Nxe4 16. Bxe4 Nd6 17. Bd3 b6 18. f4 Nf7 19. Rhf1 Rad8 20. Kc2 Bc5 21. Rfe1 Bc8 22. Ne4 Bb4 23. Bc3 Rhe8 24. Ng3 g6 25. Rf1 f5 26. fxe5 Nxe5 27. Bxe5+ Rxe5 28. e4 Rf8 29. exf5 gxf5 30. Ne2 Rg8 31. Nf4 Re3 32. Rf2 Bc5 33. Rdf1 Reg3 34. Re2 Be3 35. Kc3 Bxf4 36. Rxf4 Rxg2 37. Rxg2 Rxg2 38. Kd4 Kd6 0-1

[Event "Djenovici TS04 IM 5th"]
[Site "Djenovici"]
[Date "2023.05.24"]
[Round "5"]
[White "Arsovic, Zoran"]
[Black "Kalenichenko, Alina"]
[Result "1/2-1/2"]
[WhiteElo "2399"]
[BlackElo "1950"]
[PlyCount "189"]
[EventDate "2023.05.20"]
[EventType "tourn"]
[EventRounds "9"]
[EventCountry "MNE"]
[EventCategory "1"]
[SourceTitle "CBM 214 Extra"]
[Source "ChessBase"]
[SourceDate "2023.07.31"]
[SourceVersion "1"]
[SourceVersionDate "2023.07.31"]
[SourceQuality "1"]

1. Nf3 Nf6 2. g3 g6 3. Bg2 Bg7 4. c4 0-0 5. 0-0 c5 6. Nc3 Nc6 7. d3 d6 8. a3 a6 9. Bd2 Rb8 10. Ne1 Bd7 11. Nc2 b5 12. cxb5 axb5 13. b4 Qb6 14. Bg5 e6 15. bxc5 dxc5 16. Bf4 Rbc8 17. Rb1 Nd4 18. Nxd4 cxd4 19. Nxb5 Bxb5 20. a4 Rc5 21. Rxb5 Rxb5 22. axb5 Qxb5 23. Qb1 Qxb1 24. Rxb1 h5 25. Bb7 Rd8 26. Bf3 Nd5 27. Rb8 Rxb8 28. Bxb8 Kf8 29. Bd6+ Ke8 30. Kf1 Kd7 31. Ba3 Kc7 32. Ke1 Kb6 33. Kd2 Kb5 34. Kc2 Bf6 35. Kb3 Bg7 36. Bd6 Bf6 37. h4 Be7 38. Be5 Bf6 39. Bb8 Bg7 40. Ba7 Ka6 41. Bc5 Kb5 42. Bd6 Bf6 43. Ba3 Bd8 44. Bb2 Bb6 45. Kc2 Bc5 46. Kd1 Bb6 47. Ke1 Bc5 48. Kf1 Bb6 49. Bc1 Bc5 50. Bg5 f5 51. Ke1 Bd6 52. Bh6 Bb4+ 53. Kf1 Bc5 54. Bg7 Kb4 55. Be5 Kc3 56. Ke1 Bb6 57. Kd1 Bc5 58. Bg7 Bb6 59. Bh6 Bc7 60. Bg7 Bb6 61. Bf8 Ba7 62. Ke1 Bb6 63. Kf1 Ba7 64. Kg2 Kd2 65. Kf1 Kc3 66. Bd6 Bb6 67. Be5 Kd2 68. Kg2 Bc5 69. Bg7 Bb6 70. Bh6+ Ke1 71. Bxd5 exd5 72. Kf3 Bc7 73. Bg7 Bb6 74. Be5 Bc5 75. Bc7 Kd2 76. Ba5+ Kd1 77. Bc7 Kd2 78. Bf4+ Kd1 79. Bg5 Ke1 80. Bf6 Kd2 81. Be5 Ke1 82. Bf6 Kd2 83. Bh8 Ke1 84. Be5 Kd2 85. Bc7 Ke1 86. Bd8 Bb4 87. Bb6 Bc3 88. Bc5 Kd2 89. Bb6 Kd1 90. Bc7 Ke1 91. Be5 Kd2 92. Bf6 Ke1 93. Be5 Kd2 94. Bf4+ Ke1 95. Be5 1/2-1/2

[Event "Djenovici TS04 IM 5th"]
[Site "Djenovici"]
[Date "2023.05.21"]
[Round "2"]
[White "Kalenichenko, Alina"]
[Black "Langrock, Hannes"]
[Result "1/2-1/2"]
[WhiteElo "1950"]
[BlackElo "2366"]
[PlyCount "47"]
[EventDate "2023.05.20"]
[EventType "tourn"]
[EventRounds "9"]
[EventCountry "MNE"]
[EventCategory "1"]
[SourceTitle "CBM 214 Extra"]
[Source "ChessBase"]
[SourceDate "2023.07.31"]
[SourceVersion "1"]
[SourceVersionDate "2023.07.31"]
[SourceQuality "1"]

1. Nf3 d5 2. d4 Nf6 3. c4 e6 4. cxd5 exd5 5. Nc3 c6 6. Qc2 g6 7. Bg5 Be7 8. e4 dxe4 9. Bxf6 Bxf6 10. Qxe4+ Qe7 11. Bc4 Bf5 12. Qxe7+ Kxe7 13. 0-0-0 Rd8 14. Rhe1+ Kf8 15. h3 h5 16. Ne4 Bxe4 17. Rxe4 Nd7 18. Ne5 Nxe5 19. dxe5 Bg5+ 20. f4 Rxd1+ 21. Kxd1 Rd8+ 22. Kc2 Be7 23. g4 hxg4 24. hxg4 1/2-1/2

[Event "Cheliabinsk Variation-B"]
[Site "Cheliabinsk"]
[Date "2022.04.10"]
[Round "9"]
[White "Kalenichenko, Alina"]
[Black "Telelyukhina, Elizaveta"]
[Result "1/2-1/2"]
[WhiteElo "1675"]
[BlackElo "1587"]
[PlyCount "100"]
[EventDate "2022.04.01"]
[EventType "swiss"]
[EventRounds "9"]
[EventCountry "RUS"]
[SourceTitle "CBM 207 Extra"]
[Source "ChessBase"]
[SourceDate "2022.05.31"]
[SourceVersion "1"]
[SourceVersionDate "2022.05.31"]
[SourceQuality "1"]

1. d4 Nf6 2. c4 e6 3. Nc3 Bb4 4. e3 b6 5. Qc2 Bb7 6. a3 Bxc3+ 7. Qxc3 0-0 8. Nf3 Ne4 9. Qc2 d6 10. Bd3 f5 11. 0-0 Nd7 12. Nd2 Nxd2 13. Bxd2 Qh4 14. f3 Rf6 15. Be1 Qh6 16. Qe2 Qh5 17. Bg3 g5 18. f4 Qxe2 19. Bxe2 g4 20. Bd3 Rff8 21. Bh4 Rae8 22. Rae1 Be4 23. Bxe4 fxe4 24. b4 Rf5 25. Rd1 Ref8 26. c5 bxc5 27. dxc5 d5 28. a4 Rb8 29. Rb1 Kg7 30. Be1 Kg6 31. Bc3 c6 32. Bd4 a6 33. Rb2 Rff8 34. Rfb1 Rfe8 35. Kf2 Kf5 36. Ke2 h5 37. Kd2 e5 38. fxe5 Nxe5 39. Rf1+ Ke6 40. Bxe5 Kxe5 41. Kc3 a5 42. Rf7 axb4+ 43. Rxb4 Rxb4 44. Kxb4 Rb8+ 45. Kc3 Ra8 46. Rh7 Rxa4 47. Rxh5+ Ke6 48. Rh6+ Ke5 49. Rh5+ Ke6 50. Rh6+ Ke5 1/2-1/2

[Event "Cheliabinsk Variation-B"]
[Site "Cheliabinsk"]
[Date "2022.04.04"]
[Round "4"]
[White "Maslova, Veronika"]
[Black "Kalenichenko, Alina"]
[Result "1-0"]
[WhiteElo "1356"]
[BlackElo "1675"]
[PlyCount "73"]
[EventDate "2022.04.01"]
[EventType "swiss"]
[EventRounds "9"]
[EventCountry "RUS"]
[SourceTitle "CBM 207 Extra"]
[Source "ChessBase"]
[SourceDate "2022.05.31"]
[SourceVersion "1"]
[SourceVersionDate "2022.05.31"]
[SourceQuality "1"]

1. d4 Nf6 2. c4 g6 3. Nc3 Bg7 4. e4 d6 5. Be2 0-0 6. Be3 c5 7. d5 e6 8. Nf3 exd5 9. cxd5 Re8 10. Nd2 Na6 11. 0-0 Nc7 12. Bf4 b5 13. Bxb5 Nxb5 14. Nxb5 Nxe4 15. Nxe4 Rxe4 16. Qf3 Rb4 17. Nxd6 Qf6 18. Bg3 Qxf3 19. gxf3 Bh3 20. Rfe1 Rxb2 21. Rac1 Bd4 22. Ne4 Rc8 23. d6 Rxa2 24. Ng5 Bf5 25. h4 a5 26. Re7 Rf8 27. Ne4 Bxe4 28. fxe4 Rd2 29. e5 a4 30. d7 a3 31. Bf4 Rxf2 32. Re8 Rc2+ 33. Kh1 Rxc1+ 34. Bxc1 a2 35. d8Q Rxe8 36. Qxe8+ Kg7 37. e6 1-0

[Event "EU-ch Hybrid U14 Girls"]
[Site "Tornelo INT"]
[Date "2021.10.15"]
[Round "6"]
[White "Ivanova, Dilyana"]
[Black "Kalenichenko, Alina"]
[Result "0-1"]
[WhiteElo "1824"]
[BlackElo "1515"]
[PlyCount "136"]
[EventDate "2021.10.15"]
[EventType "swiss"]
[EventRounds "9"]
[EventCountry "NET"]
[SourceTitle "EXT 2023"]
[Source "ChessBase"]
[SourceDate "2022.10.05"]
[SourceVersion "1"]
[SourceVersionDate "2022.10.05"]
[SourceQuality "1"]
[WhiteTeam "Bulgaria"]
[BlackTeam "Russia"]
[WhiteTeamCountry "BUL"]
[BlackTeamCountry "RUS"]

1. e4 d6 2. d4 Nf6 3. Nc3 g6 4. Nf3 Bg7 5. Be2 0-0 6. 0-0 c5 7. e5 dxe5 8. dxe5 Ng4 9. Nb5 Nc6 10. Qxd8 Rxd8 11. Nc7 Rb8 12. e6 Nge5 13. exf7+ Nxf7 14. Bc4 Nce5 15. Nxe5 Bxe5 16. Nd5 Kf8 17. Nc3 Bf5 18. Be3 Bd4 19. Rac1 Nd6 20. Be2 Bxe3 21. fxe3 Kg7 22. Nd5 e6 23. Nf4 e5 24. Nd5 Be6 25. c4 h5 26. b3 Nf5 27. g4 hxg4 28. Bxg4 Bxd5 29. Bxf5 Bc6 30. Be6 Rd2 31. Rf2 Rbd8 32. Rf7+ Kh6 33. Bd5 Bxd5 34. cxd5 R8xd5 35. a4 R5d3 36. Rxb7 Rxe3 37. Kf1 Rxh2 38. Rxc5 Kg5 39. Rb4 Kf5 40. Ra5 Rc3 41. Kg1 Rb2 42. Rc4 Rcxb3 43. Rxa7 Ra3 44. Rf7+ Ke6 45. Rf1 Rg3+ 46. Kh1 Kd5 47. Rc8 Ke4 48. a5 Ra2 49. Rc5 Kd4 50. Rb5 e4 51. Rb4+ Kd5 52. Re1 e3 53. a6 Rxa6 54. Kh2 Rf3 55. Kg2 Raf6 56. Rb3 Kd4 57. Ra3 R6f4 58. Rd1+ Ke4 59. Ra4+ Kf5 60. Ra3 Kg4 61. Re1 Rf2+ 62. Kg1 e2 63. Raa1 R4f3 64. Rab1 Kh3 65. Rb3 Rg2+ 66. Kh1 Rxb3 67. Rc1 Rh2+ 68. Kg1 Rg3# 0-1

[Event "Satka Autumn op (Women)"]
[Site "Satka"]
[Date "2021.09.06"]
[Round "7"]
[White "Kalenichenko, Alina"]
[Black "Salimova, Dinara"]
[Result "1-0"]
[WhiteElo "1552"]
[BlackElo "1473"]
[PlyCount "191"]
[EventDate "2021.08.31"]
[EventType "swiss"]
[EventRounds "9"]
[EventCountry "RUS"]
[SourceTitle "CBM 204 Extra"]
[Source "ChessBase"]
[SourceDate "2021.11.30"]
[SourceVersion "1"]
[SourceVersionDate "2021.11.30"]
[SourceQuality "1"]

1. c4 Nf6 2. Nc3 e6 3. e4 d6 4. d4 b6 5. Nf3 Bb7 6. Bd3 Be7 7. 0-0 Nbd7 8. h3 0-0 9. Be3 e5 10. d5 Nc5 11. Bc2 a5 12. a3 Ba6 13. Nd2 Ne8 14. g4 Bg5 15. b4 Bxe3 16. fxe3 axb4 17. axb4 Nd7 18. Qf3 Qg5 19. Ba4 Bc8 20. Kh2 Ndf6 21. Rg1 Qh4 22. Raf1 Nxg4+ 23. Rxg4 Bxg4 24. Qxg4 Qxg4 25. hxg4 Nf6 26. Kg3 h5 27. gxh5 Nxh5+ 28. Kh4 g6 29. Nf3 Kg7 30. Ng5 Nf6 31. Kg3 Rh8 32. Rg1 Rh5 33. Kf3 Rf8 34. Kf2 Kh6 35. Nf3 g5 36. Bc6 g4 37. Ne1 Rh2+ 38. Rg2 Rh4 39. Nd3 Rg8 40. Nc1 Kg5 41. N1e2 Rh1 42. Rg1 Rxg1 43. Nxg1 Kh4 44. Kg2 g3 45. Nf3+ Kh5 46. c5 bxc5 47. bxc5 Kg4 48. Bb5 Kh5 49. cxd6 cxd6 50. Be2 Kh6 51. Nd2 Rc8 52. Nc4 Kg6 53. Kxg3 Ne8 54. Nb5 Rd8 55. Bg4 Kf6 56. Nb6 Kg5 57. Nc8 Nf6 58. Nbxd6 Rf8 59. Bf5 Nh5+ 60. Kf3 Ng7 61. Bd7 Kf6 62. Nf5 Ne8 63. Nb6 Nc7 64. Nc4 Rd8 65. Bc6 Rh8 66. Ke2 Rb8 67. Nfd6 Rf8 68. Kd3 Rg8 69. Nb6 Rg5 70. Nf5 Rg1 71. Nd7+ Kg5 72. Nxe5 Kf6 73. Nd7+ Kg6 74. Kd4 Rb1 75. Ke5 Rb3 76. Kd6 Nb5+ 77. Bxb5 Rxb5 78. Nd4 Rb1 79. Ne5+ Kf6 80. Nc4 Rb4 81. e5+ Kg7 82. Kc5 Rb8 83. d6 Kf8 84. Nc6 Ra8 85. d7 Kg7 86. Nd6 Rh8 87. Ne8+ Kg6 88. d8Q Rh1 89. Qf6+ Kh5 90. Qh8+ Kg4 91. Qxh1 f6 92. Qe4+ Kg5 93. Qf4+ Kh5 94. Nxf6+ Kg6 95. Qg4+ Kf7 96. Qg8# 1-0

[Event "Satka Autumn op (Women)"]
[Site "Satka"]
[Date "2021.09.05"]
[Round "6"]
[White "Dubovikova, Rada"]
[Black "Kalenichenko, Alina"]
[Result "0-1"]
[WhiteElo "1023"]
[BlackElo "1552"]
[PlyCount "110"]
[EventDate "2021.08.31"]
[EventType "swiss"]
[EventRounds "9"]
[EventCountry "RUS"]
[SourceTitle "CBM 204 Extra"]
[Source "ChessBase"]
[SourceDate "2021.11.30"]
[SourceVersion "1"]
[SourceVersionDate "2021.11.30"]
[SourceQuality "1"]

1. d4 Nf6 2. Nf3 g6 3. e3 Bg7 4. Bd3 d6 5. Nbd2 0-0 6. 0-0 c5 7. c3 Nc6 8. b3 Rb8 9. a4 a6 10. Ba3 cxd4 11. exd4 b5 12. axb5 axb5 13. Rc1 Bd7 14. b4 Ra8 15. Ra1 Qb6 16. Bb2 Rxa1 17. Bxa1 Nd5 18. Be4 Nc7 19. Re1 e6 20. Bd3 Nd5 21. Be4 Nce7 22. Qb3 Bc6 23. c4 bxc4 24. Nxc4 Qxb4 25. Qxb4 Nxb4 26. Nxd6 Bxe4 27. Rxe4 Rd8 28. Nb5 Nc2 29. Bc3 Nd5 30. g3 Nxc3 31. Nxc3 Nxd4 32. Nxd4 Rxd4 33. Rxd4 Bxd4 34. Ne2 Bc5 35. Kg2 e5 36. f3 f5 37. Nc3 Kf7 38. Kf1 Ke6 39. Ke2 Bb4 40. Nb5 Ba5 41. f4 e4 42. Nd4+ Kd5 43. Nc2 Bb6 44. Ne3+ Bxe3 45. Kxe3 h6 46. h3 h5 47. Ke2 Kd4 48. Ke1 Kd3 49. Kd1 e3 50. Ke1 e2 51. h4 Ke3 52. g4 hxg4 53. h5 g3 54. hxg6 g2 55. g7 g1Q# 0-1

[Event "Satka Autumn op (Women)"]
[Site "Satka"]
[Date "2021.08.31"]
[Round "1"]
[White "Nechaeva, Marina"]
[Black "Kalenichenko, Alina"]
[Result "1-0"]
[WhiteElo "2418"]
[BlackElo "1552"]
[PlyCount "59"]
[EventDate "2021.08.31"]
[EventType "swiss"]
[EventRounds "9"]
[EventCountry "RUS"]
[SourceTitle "CBM 204 Extra"]
[Source "ChessBase"]
[SourceDate "2021.11.30"]
[SourceVersion "1"]
[SourceVersionDate "2021.11.30"]
[SourceQuality "1"]

1. d4 Nf6 2. c4 g6 3. Nf3 Bg7 4. g3 0-0 5. Bg2 d6 6. 0-0 Nbd7 7. Nc3 e5 8. e4 Re8 9. h3 exd4 10. Nxd4 Nc5 11. Re1 Bd7 12. Rb1 a5 13. b3 a4 14. b4 Ne6 15. Ndb5 Bxb5 16. Nxb5 Nd7 17. Be3 Ne5 18. Bf1 Qf6 19. f4 Nc6 20. Bg2 Rec8 21. Kh1 h5 22. h4 Ncd4 23. Bxd4 Nxd4 24. e5 dxe5 25. fxe5 Qf2 26. Qxd4 Qxg3 27. Re3 Qf2 28. Rf1 Qxa2 29. Bxb7 Rd8 30. Qf4 1-0

[Event "Moscow op (Women) 17th"]
[Site "Moscow"]
[Date "2021.02.28"]
[Round "9"]
[White "Kiseleva, Arina"]
[Black "Kalenichenko, Alina"]
[Result "1-0"]
[WhiteElo "2035"]
[BlackElo "1638"]
[PlyCount "63"]
[EventDate "2021.02.20"]
[EventType "swiss"]
[EventRounds "9"]
[EventCountry "RUS"]
[SourceTitle "EXT 2022"]
[Source "ChessBase"]
[SourceDate "2021.10.06"]
[SourceVersion "1"]
[SourceVersionDate "2021.10.06"]
[SourceQuality "1"]

1. Nf3 Nf6 2. c4 g6 3. b4 Bg7 4. Bb2 0-0 5. g3 b6 6. Bg2 Bb7 7. 0-0 c5 8. a3 d5 9. cxd5 cxb4 10. axb4 Nxd5 11. Bxg7 Kxg7 12. Qb3 Nc6 13. b5 Na5 14. Qb2+ Nf6 15. d3 Rc8 16. Nbd2 Kg8 17. Nb3 Nxb3 18. Qxb3 Bd5 19. Qb4 Rc7 20. Ra4 Qc8 21. Qf4 Qb7 22. e4 Bb3 23. Ra3 Bc2 24. e5 Nh5 25. Qh6 f6 26. Ng5 Qxg2+ 27. Kxg2 fxg5 28. Qxg5 Rf5 29. Qe3 e6 30. Qd4 Rff7 31. Rc1 Rfd7 32. Qb2 1-0

[Event "Moscow op (Women) 17th"]
[Site "Moscow"]
[Date "2021.02.23"]
[Round "4"]
[White "Mikheeva, Galina"]
[Black "Kalenichenko, Alina"]
[Result "1-0"]
[WhiteElo "1873"]
[BlackElo "1638"]
[PlyCount "99"]
[EventDate "2021.02.20"]
[EventType "swiss"]
[EventRounds "9"]
[EventCountry "RUS"]
[SourceTitle "CBM 200 Extra"]
[Source "ChessBase"]
[SourceDate "2021.03.31"]
[SourceVersion "1"]
[SourceVersionDate "2021.03.31"]
[SourceQuality "1"]

1. e4 d6 2. d4 Nf6 3. Nc3 g6 4. Bd3 Bg7 5. h3 0-0 6. Nf3 e5 7. dxe5 dxe5 8. 0-0 Nc6 9. Be3 Be6 10. a3 Nh5 11. Bc5 Re8 12. Bb5 Bd7 13. Qd2 Nd4 14. Be2 Bc6 15. Rfd1 Nxf3+ 16. Bxf3 Qxd2 17. Rxd2 Nf4 18. Rad1 Bh6 19. Be3 Kg7 20. Bg4 Ne6 21. Bxh6+ Kxh6 22. Nd5 Bxd5 23. Rxd5 Ng7 24. Rd7 f5 25. Bf3 Rac8 26. exf5 e4 27. f6 exf3 28. fxg7 Rg8 29. gxf3 Rxg7 30. Rxg7 Kxg7 31. Rd7+ Kh6 32. Kg2 g5 33. Kg3 b5 34. f4 gxf4+ 35. Kxf4 a5 36. Re7 b4 37. axb4 axb4 38. Ke5 c5 39. f4 b3 40. c4 Rg8 41. Rb7 Rg3 42. h4 Rh3 43. Kd5 Rxh4 44. Rxb3 Rxf4 45. Kxc5 Kg5 46. Rg3+ Rg4 47. Rxg4+ Kxg4 48. Kd6 h5 49. c5 h4 50. c6 1-0

[Event "Moscow op (Women) 17th"]
[Site "Moscow"]
[Date "2021.02.20"]
[Round "1"]
[White "Kalenichenko, Alina"]
[Black "Kochukova, Anna"]
[Result "1/2-1/2"]
[WhiteElo "1638"]
[BlackElo "2091"]
[PlyCount "89"]
[EventDate "2021.02.20"]
[EventType "swiss"]
[EventRounds "9"]
[EventCountry "RUS"]
[SourceTitle "CBM 200 Extra"]
[Source "ChessBase"]
[SourceDate "2021.03.31"]
[SourceVersion "1"]
[SourceVersionDate "2021.03.31"]
[SourceQuality "1"]

1. d4 d5 2. c4 dxc4 3. e3 a6 4. Bxc4 Nf6 5. Nf3 e6 6. 0-0 c5 7. a4 Nc6 8. Nc3 cxd4 9. exd4 Nb4 10. Qb3 Be7 11. Bg5 Nc6 12. Qd1 0-0 13. d5 Nxd5 14. Bxd5 Bxg5 15. Bxc6 bxc6 16. Nxg5 Qxg5 17. Qd6 Bb7 18. Qc7 Rab8 19. Ne4 Qd5 20. Rfe1 Qd8 21. Qg3 Qe7 22. Rac1 Ba8 23. b3 Rfd8 24. Nc5 a5 25. Qe3 Rd5 26. Rc4 Rbd8 27. Qc3 Qc7 28. Rg4 e5 29. b4 h5 30. Rc4 axb4 31. Qxb4 Rd1 32. Rc1 Rxc1 33. Rxc1 Rd4 34. Qc3 Qd6 35. h3 e4 36. a5 h4 37. Re1 f5 38. a6 Rd5 39. Rc1 Qe7 40. Qb3 Kh7 41. Qb6 Qg5 42. Rb1 e3 43. Ne6 exf2+ 44. Qxf2 Qe7 45. Re1 1/2-1/2

[Event "Satka Autumn op (Women)"]
[Site "Satka"]
[Date "2019.09.21"]
[Round "3"]
[White "Kalenichenko, Alina"]
[Black "Schepetkova, Margarita"]
[Result "0-1"]
[WhiteElo "1597"]
[BlackElo "2194"]
[PlyCount "74"]
[EventDate "2019.09.19"]
[EventType "swiss"]
[EventRounds "9"]
[EventCountry "RUS"]
[SourceTitle "EXT 2020"]
[Source "ChessBase"]
[SourceDate "2019.10.17"]
[SourceVersion "1"]
[SourceVersionDate "2019.10.17"]
[SourceQuality "1"]

1. d4 Nf6 2. c4 e6 3. Nc3 Bb4 4. e3 0-0 5. Bd3 d5 6. Nge2 dxc4 7. Bxc4 c5 8. 0-0 cxd4 9. exd4 Nc6 10. Bg5 Be7 11. Bd3 Nd5 12. Bxe7 Ncxe7 13. Ng3 b6 14. Qh5 Nf6 15. Qf3 Rb8 16. Rfd1 Bb7 17. Qe3 Ned5 18. Nxd5 Qxd5 19. f3 Rfd8 20. Ne4 Nxe4 21. Bxe4 Qa5 22. a3 Bd5 23. Rac1 Rbc8 24. b4 Qb5 25. Qg5 f6 26. Qh5 f5 27. Bd3 Rxc1 28. Bxb5 Rxd1+ 29. Kf2 Rd2+ 30. Kg1 Rc8 31. h4 h6 32. Be8 Rcc2 33. Qf7+ Kh8 34. Qf8+ Kh7 35. Bf7 Rxg2+ 36. Kf1 Bc4+ 37. Ke1 Rc1# 0-1

[Event "EU-ch U12 Girls"]
[Site "Bratislava"]
[Date "2019.08.06"]
[Round "5"]
[White "Kalenichenko, Alina"]
[Black "Huang, Wendy"]
[Result "0-1"]
[WhiteElo "1615"]
[BlackElo "1784"]
[PlyCount "110"]
[EventDate "2019.08.02"]
[EventType "swiss"]
[EventRounds "9"]
[EventCountry "SVK"]
[SourceTitle "EXT 2020"]
[Source "ChessBase"]
[SourceDate "2019.10.17"]
[SourceVersion "1"]
[SourceVersionDate "2019.10.17"]
[SourceQuality "1"]

1. d4 Nf6 2. c4 e6 3. Nc3 Bb4 4. e3 0-0 5. Bd3 d5 6. Nge2 c5 7. cxd5 cxd4 8. exd4 Nxd5 9. 0-0 Nc6 10. Nxd5 Qxd5 11. Be3 e5 12. dxe5 Qxe5 13. Nd4 Bd6 14. Nf3 Qe7 15. Bg5 f6 16. Bc4+ Kh8 17. Re1 Qc7 18. Bh4 Bg4 19. Bg3 Rad8 20. Qc1 Bxf3 21. gxf3 Nd4 22. Qc3 Bxg3 23. hxg3 b5 24. Be2 Qxc3 25. bxc3 Nc2 26. Bxb5 Nxa1 27. Rxa1 Rd2 28. c4 Rfd8 29. c5 Rd1+ 30. Rxd1 Rxd1+ 31. Kg2 Rd5 32. a4 Rxc5 33. f4 Rc3 34. g4 g6 35. f3 Rc2+ 36. Kg3 Kg7 37. g5 f5 38. Ba6 Kf8 39. Bb5 Ke7 40. Ba6 Kd6 41. Bb5 Kc5 42. Be8 Kb4 43. Kh3 Ra2 44. Bf7 Rxa4 45. Bg8 Ra6 46. Bxh7 Rd6 47. Bg8 a5 48. Kh4 a4 49. Bf7 a3 50. Bxg6 Rxg6 51. Kh5 Rd6 52. g6 a2 53. g7 a1Q 54. g8Q Qh1+ 55. Kg5 Qg2+ 0-1

[Event "EU-ch U12 Girls"]
[Site "Bratislava"]
[Date "2019.08.05"]
[Round "4"]
[White "Van Foreest, Machteld"]
[Black "Kalenichenko, Alina"]
[Result "1-0"]
[WhiteElo "2186"]
[BlackElo "1615"]
[PlyCount "85"]
[EventDate "2019.08.02"]
[EventType "swiss"]
[EventRounds "9"]
[EventCountry "SVK"]
[SourceTitle "EXT 2020"]
[Source "ChessBase"]
[SourceDate "2019.10.17"]
[SourceVersion "1"]
[SourceVersionDate "2019.10.17"]
[SourceQuality "1"]

1. e4 c5 2. Nf3 e6 3. d4 cxd4 4. Nxd4 a6 5. Bd3 Nc6 6. Nxc6 dxc6 7. Be3 Nf6 8. 0-0 Be7 9. Nc3 b5 10. e5 Nd5 11. Qg4 Kf8 12. Ne4 h5 13. Qf3 g6 14. Bc5 Bxc5 15. Nxc5 Kg7 16. Ne4 Qe7 17. Nd6 Bd7 18. c4 Nb6 19. c5 Na4 20. b4 a5 21. a3 Ra7 22. Be4 Rc7 23. Rfd1 Rf8 24. Bc2 axb4 25. Bxa4 bxa4 26. axb4 Ra7 27. Ne4 Rb8 28. Rd4 Be8 29. Nf6 Rd8 30. Nxh5+ gxh5 31. Qf6+ Qxf6 32. exf6+ Kxf6 33. Rxd8 Bd7 34. Rh8 Kg6 35. Rg8+ Kf6 36. Rg3 e5 37. Rga3 e4 38. Rxa4 Rb7 39. Ra7 Rxa7 40. Rxa7 Be6 41. Ra6 Bd5 42. b5 Ke5 43. b6 1-0

[Event "Moscow Time of the First U13 Girls"]
[Site "Moscow"]
[Date "2019.06.21"]
[Round "6"]
[White "Gurgenidze, Aleksandra"]
[Black "Kalenichenko, Alina"]
[Result "0-1"]
[WhiteElo "1367"]
[BlackElo "1492"]
[PlyCount "121"]
[EventDate "2019.06.17"]
[EventType "swiss"]
[EventRounds "9"]
[EventCountry "RUS"]
[SourceTitle "EXT 2021"]
[Source "ChessBase"]
[SourceDate "2020.10.23"]
[SourceVersion "1"]
[SourceVersionDate "2020.10.23"]
[SourceQuality "1"]

1. c4 d6 2. Nc3 g6 3. g3 Bg7 4. Bg2 c5 5. Nf3 Nc6 6. 0-0 e6 7. d3 Nge7 8. Bd2 0-0 9. Qc1 Nf5 10. e4 Nfd4 11. Bh6 a6 12. Re1 Qc7 13. Rb1 b5 14. Nxd4 cxd4 15. Bxg7 Kxg7 16. cxb5 Ne5 17. Ne2 Qb6 18. Qc2 axb5 19. Rec1 Rxa2 20. f4 Ng4 21. Qc6 Qa5 22. Nxd4 Qd2 23. Nc2 Rxb2 24. Ra1 Ne3 25. Nxe3 Qxe3+ 26. Kh1 Qxd3 27. Rd1 Qe2 28. Rg1 e5 29. Qxd6 Bh3 30. Qxe5+ Kg8 31. Qxb2 Qxb2 32. Bxh3 b4 33. Rab1 Qd4 34. Bg2 Rb8 35. Rgd1 Qc3 36. Rdc1 Qa3 37. Ra1 Qd3 38. Rd1 Qb5 39. Rab1 b3 40. Bf1 Qb4 41. e5 Qe4+ 42. Bg2 Qb4 43. Rd3 b2 44. Rdd1 Qc3 45. Rf1 Rc8 46. Bh3 Rc7 47. Bg2 Qa3 48. Be4 Rc1 49. e6 fxe6 50. Rg1 Qe3 51. Rbxc1 bxc1Q 52. Rxc1 Qxc1+ 53. Kg2 Qb2+ 54. Kh3 e5 55. f5 gxf5 56. Bxf5 Qd4 57. Be6+ Kg7 58. Bg4 e4 59. Bh5 e3 60. Be2 Qd2 61. Bf3 0-1

[Event "Moscow Time of the First U13 Girls"]
[Site "Moscow"]
[Date "2019.06.21"]
[Round "7"]
[White "Kalenichenko, Alina"]
[Black "Vishnyakova, Alisiya"]
[Result "1-0"]
[WhiteElo "1492"]
[BlackElo "1245"]
[PlyCount "79"]
[EventDate "2019.06.17"]
[EventType "swiss"]
[EventRounds "9"]
[EventCountry "RUS"]
[SourceTitle "EXT 2021"]
[Source "ChessBase"]
[SourceDate "2020.10.23"]
[SourceVersion "1"]
[SourceVersionDate "2020.10.23"]
[SourceQuality "1"]

1. d4 d5 2. c4 e6 3. Nc3 Nf6 4. cxd5 exd5 5. Bg5 Be7 6. Qc2 Nbd7 7. e3 b6 8. Bd3 Bb7 9. Nf3 0-0 10. 0-0 h6 11. Bf4 c5 12. Ne5 cxd4 13. exd4 Rc8 14. Qe2 Bb4 15. Rac1 Bxc3 16. bxc3 Re8 17. Bb5 Qe7 18. Qf3 Red8 19. Nxd7 Nxd7 20. Rfe1 Qf6 21. Qg3 Nf8 22. Bc7 Qg6 23. Bxd8 Rxd8 24. Re7 Qxg3 25. hxg3 Rb8 26. Rce1 a6 27. Be8 f6 28. Bf7+ Kh7 29. Re8 Rxe8 30. Rxe8 Ng6 31. Bg8+ Kh8 32. Bxd5+ Kh7 33. Bxb7 h5 34. Be4 Kh6 35. f4 Kh7 36. Kf2 b5 37. Ra8 h4 38. gxh4 Kh6 39. Bxg6 Kxg6 40. Rxa6 1-0